000 00612nam a2200205Ii 4500
003 JO-AjNU
008 230605s9999||||xx |||||||||||||| ||und||
017 _a2000/16553
040 _aJO-AjNU
_bara
_erda
_cJO-AjNU
041 _aara
050 1 4 _aPJ7876 2000
100 3 _aالإبيارى، رشا,
_eauthor
_948762
245 0 0 _aأصابع لا تتقن العزف
264 3 1 _aد.م: د.ن، 2000
300 _a82ص
336 _atext
_btxt
_2rdacontent
337 _aunmediated
_bn
_2rdamedia
338 _avolume
_bnc
_2rdacarrier
650 4 _aالشعر العربي - الشعر الحديث
_948763
999 _aA21376
_c24944
_d24944